| 000 | 00690nam a22001817a 4500 | ||
|---|---|---|---|
| 999 |
_c11119 _d11119 |
||
| 003 | AR-CdUCM | ||
| 008 | 190402b ||||| |||| 00| 0 spa d | ||
| 040 |
_aMUNICIPALIDAD PROVINCIAL DEL CUSCO _cBIBLIOTECA MUNICIPAL DEL CUSCO |
||
| 082 |
_aES / 373.460 / _bO38 |
||
| 100 |
_aOjeda Aragon, Rolandi _928298 |
||
| 245 |
_aBiografías de autores de la literatura peruana e hispanoamericana : _b 4to de secundaria / |
||
| 260 |
_aCusco : _bGrafisol editores, |
||
| 300 |
_a115 paginas _c20 cm. |
||
| 505 | _aContenido :Ciro Alegría -- José Carlos Mariátegui -- Blanca Varela -- Julio Cortázar -- Nicolas Guillen ... | ||
| 650 |
_aBiografías _9148 |
||
| 942 |
_2ddc _cLIBROS |
||
| 945 | _arum | ||